[Event "Ligue elite du dimanche"]
[Site "Montreal CAN"]
[Date "2015.11.22"]
[Round "7"]
[White "Zhu, Hong Rui"]
[Black "Rodrigue-Lemieux, Shawn"]
[Result "1/2-1/2"]
[WhiteElo "2283"]
[BlackElo "2035"]
[PlyCount "162"]
[EventDate "2015.09.20"]
[EventType "team"]
[EventRounds "5"]
[EventCountry "CAN"]

1. e4 c6 2. d4 d5 3. exd5 cxd5 4. Bd3 Nf6 5. c3 e6 6. Bf4 Bd6 7. Bg3 Nc6 8. Nf3
O-O 9. Nbd2 Rb8 10. Qe2 Qc7 11. O-O Re8 12. Bxd6 Qxd6 13. Ne5 Bd7 14. f4 b5 15.
a3 a5 16. Nxd7 Qxd7 17. b4 axb4 18. axb4 Ne7 19. Nb3 Rb6 20. Nc5 Qc6 21. Ra5
Reb8 22. f5 Nxf5 23. Bxf5 exf5 24. Rxf5 Rd8 25. Re5 Rbb8 26. Re7 Re8 27. Ra6
Qc8 28. Rxe8+ Qxe8 29. Qxe8+ Rxe8 30. Kf2 Ng4+ 31. Kg3 h5 32. h3 Ne3 33. Ra1 g5
34. Re1 f5 35. Kf3 g4+ 36. hxg4 hxg4+ 37. Kf2 f4 38. Nd3 Rf8 39. g3 Nc2 40. Re2
fxg3+ 41. Kg2 Rf3 42. Ne5 Ne3+ 43. Rxe3 Rxe3 44. Nxg4 Rxc3 45. Nf6+ Kf7 46.
Nxd5 Rd3 47. Nc7 Kf6 48. Nxb5 Kf5 49. Nc7 Kg4 50. Ne6 Rd2+ 51. Kg1 g2 52. Kh2
Kf3 53. Ng5+ Ke3 54. Nh3 Kxd4 55. b5 Rb2 56. b6 Ke3 57. Kg3 Ke4 58. b7 Rxb7 59.
Kxg2 Rg7+ 60. Kf2 Rg4 61. Ng1 Rg5 62. Nh3 Rg6 63. Ng1 Rh6 64. Kg3 Ke3 65. Nh3
Rg6+ 66. Kh4 Kf3 67. Ng5+ Kf4 68. Nh3+ Kf5 69. Nf2 Rg2 70. Nh3 Rg4+ 71. Kh5 Rg3
72. Kh4 Rg4+ 73. Kh5 Re4 74. Nf2 Re3 75. Kh4 Kf4 76. Nh3+ Kf5 77. Nf2 Re2 78.
Kg3 Ra2 79. Kf3 Ra3+ 80. Ke2 Kf4 81. Nd3+ Ke4 1/2-1/2

[Event "Ligue elite du dimanche"]
[Site "Montreal CAN"]
[Date "2015.12.13"]
[Round "9"]
[White "Rodrigue-Lemieux, Shawn"]
[Black "Fan, Run Kun"]
[Result "1/2-1/2"]
[WhiteElo "2041"]
[BlackElo "2089"]
[PlyCount "79"]
[EventDate "2015.09.20"]
[EventType "team"]
[EventRounds "5"]
[EventCountry "CAN"]

1. e4 e5 2. Nf3 Nc6 3. Bc4 Nf6 4. Ng5 d5 5. exd5 Na5 6. Bb5+ Bd7 7. Qe2 Bd6 8.
Bxd7+ Qxd7 9. Nc3 O-O 10. O-O c6 11. dxc6 Nxc6 12. Nge4 Nxe4 13. Nxe4 Be7 14.
d3 Nd4 15. Qd1 f5 16. Ng3 Rac8 17. c3 Nc6 18. f4 Bh4 19. Ne2 Rcd8 20. g3 Be7
21. fxe5 Qxd3 22. Qxd3 Rxd3 23. Nf4 Rd7 24. Be3 Nxe5 25. Bxa7 Nc4 26. Bd4 Nxb2
27. Rab1 Nc4 28. Rb5 g6 29. Re1 Bf6 30. Bxf6 Rxf6 31. Rc5 Nd2 32. Rc8+ Rf8 33.
Rxf8+ Kxf8 34. Re2 Ne4 35. Rc2 Kf7 36. Kg2 Rc7 37. Ne2 b5 38. a3 Ra7 39. Nd4
Rxa3 40. Nxb5 1/2-1/2

[Event "Montreal op"]
[Site "Montreal CAN"]
[Date "2015.09.11"]
[Round "1.13"]
[White "Rodrigue-Lemieux, Shawn"]
[Black "Hamilton, Robert"]
[Result "0-1"]
[WhiteElo "2004"]
[BlackElo "2274"]
[PlyCount "62"]
[EventDate "2015.09.12"]
[EventType "swiss"]
[EventRounds "5"]
[EventCountry "CAN"]

1. e4 c5 2. Nf3 e6 3. Nc3 a6 4. g3 b5 5. Bg2 Bb7 6. Qe2 d6 7. O-O Nf6 8. d3 Nc6
9. Be3 Be7 10. Nd2 O-O 11. f4 Qc7 12. Rae1 Rad8 13. Nf3 Rfe8 14. Nd1 c4 15. Nf2
cxd3 16. cxd3 e5 17. f5 d5 18. g4 dxe4 19. dxe4 Nd4 20. Bxd4 exd4 21. g5 Nxe4
22. Nxe4 d3 23. Qd2 Bxe4 24. Nh4 Bc5+ 25. Kh1 Bxg2+ 26. Nxg2 Rxe1 27. Rxe1 Qd6
28. Re4 Qd5 29. Rf4 Qxa2 30. g6 hxg6 31. fxg6 fxg6 0-1

[Event "Montreal op"]
[Site "Montreal CAN"]
[Date "2015.09.12"]
[Round "3.11"]
[White "Sprumont, Oscar"]
[Black "Rodrigue-Lemieux, Shawn"]
[Result "1-0"]
[WhiteElo "2192"]
[BlackElo "2004"]
[PlyCount "81"]
[EventDate "2015.09.12"]
[EventType "swiss"]
[EventRounds "5"]
[EventCountry "CAN"]

1. Nf3 Nf6 2. c4 e6 3. g3 Be7 4. Bg2 O-O 5. O-O d5 6. d4 Nbd7 7. cxd5 exd5 8.
Nc3 Re8 9. a3 c6 10. b4 Bd6 11. b5 h6 12. bxc6 bxc6 13. Bf4 Nb6 14. Bxd6 Qxd6
15. Qc2 Nc4 16. a4 Bg4 17. e3 Rab8 18. Nd2 Rb4 19. Rfe1 Reb8 20. Nxc4 Rxc4 21.
Reb1 Rcb4 22. Na2 Rxb1+ 23. Rxb1 Rxb1+ 24. Qxb1 Qa3 25. Qc2 Bd1 26. Qxd1 Qxa2
27. f3 Nd7 28. e4 Nb6 29. f4 Nxa4 30. exd5 Nc3 31. Qe1 Nxd5 32. Qe8+ Kh7 33.
Be4+ g6 34. Qxf7+ Kh8 35. Bxg6 Qa1+ 36. Kg2 Ne3+ 37. Kf3 Qf1+ 38. Kxe3 Qg1+ 39.
Kf3 Qd1+ 40. Kg2 Qe2+ 41. Kh3 1-0

[Event "Montreal op"]
[Site "Montreal CAN"]
[Date "2015.09.13"]
[Round "5.17"]
[White "Beaulieu, Pierre"]
[Black "Rodrigue-Lemieux, Shawn"]
[Result "1/2-1/2"]
[WhiteElo "1906"]
[BlackElo "2004"]
[PlyCount "80"]
[EventDate "2015.09.12"]
[EventType "swiss"]
[EventRounds "5"]
[EventCountry "CAN"]

1. b3 e5 2. Bb2 Nc6 3. e3 d5 4. Nf3 Bd6 5. d4 Bg4 6. Be2 Bxf3 7. Bxf3 e4 8. Be2
Nce7 9. c4 c6 10. Nc3 Nf6 11. Qd2 a6 12. c5 Bc7 13. b4 b6 14. cxb6 Bxb6 15. Na4
O-O 16. O-O Bc7 17. Nc5 a5 18. bxa5 Bxa5 19. Bc3 Bc7 20. Rfc1 Nd7 21. Nxd7 Qxd7
22. Bb4 Bd6 23. a4 f5 24. g3 g5 25. Bxd6 Qxd6 26. Bf1 Ng6 27. a5 f4 28. a6 Rf7
29. Qc2 Rc7 30. Qc5 Qd7 31. Bb5 Ne7 32. Bf1 Nf5 33. Ra3 Nd6 34. Qb6 f3 35. Rac3
Nc8 36. Qa5 Raa7 37. Rc5 h6 38. Rb1 Kg7 39. Rbc1 Kg8 40. h3 Nd6 1/2-1/2

[Event "Mercredi 2015.09.02 ABCD"]
[Site "Montreal CAN"]
[Date "2015.09.02"]
[Round "1"]
[White "Cardin, Guillaume"]
[Black "Rodrigue-Lemieux, Shawn"]
[Result "1-0"]
[WhiteElo "2032"]
[BlackElo "2004"]
[PlyCount "33"]
[EventDate "2015.09.02"]
[EventType "tourn"]
[EventRounds "5"]
[EventCountry "CAN"]

1. d4 d5 2. c4 e5 3. dxe5 d4 4. Nf3 Nc6 5. Nbd2 Nge7 6. Nb3 Nf5 7. e4 dxe3 8.
Qxd8+ Kxd8 9. Bxe3 Nxe3 10. fxe3 Bg4 11. Be2 g6 12. Nbd4 Bxf3 13. Bxf3 Nxe5 14.
Bxb7 Rb8 15. Nc6+ Nxc6 16. Bxc6 Rxb2 17. O-O-O+ 1-0

[Event "Mercredi 2015.09.02 ABCD"]
[Site "Montreal CAN"]
[Date "2015.09.09"]
[Round "2"]
[White "Rodrigue-Lemieux, Shawn"]
[Black "Ouellet, Maili-Jade"]
[Result "1-0"]
[WhiteElo "2004"]
[BlackElo "2032"]
[PlyCount "101"]
[EventDate "2015.09.02"]
[EventType "tourn"]
[EventRounds "5"]
[EventCountry "CAN"]

1. e4 c5 2. Nf3 e6 3. Nc3 a6 4. g3 d5 5. exd5 exd5 6. d4 Be6 7. Bg2 Nc6 8. O-O
c4 9. Ng5 Nf6 10. Re1 Qd7 11. Bh3 Nd8 12. Qe2 Be7 13. Nxe6 fxe6 14. Bxe6 Nxe6
15. Qxe6 Qxe6 16. Rxe6 Kf7 17. Rb6 Ra7 18. Bg5 Bd8 19. Bxf6 Bxb6 20. Nxd5 Ba5
21. Be5 Rd8 22. Ne3 b5 23. c3 Bc7 24. Ng4 Rd5 25. f4 Rb7 26. Rf1 h5 27. Ne3 Rd8
28. Kg2 Kg6 29. h4 Rf8 30. Rd1 Rd8 31. f5+ Kf7 32. Kf3 Bxe5 33. dxe5 Rxd1 34.
Nxd1 g6 35. g4 Re7 36. gxh5 gxf5 37. Kf4 Ke6 38. Ne3 Rh7 39. h6 Rxh6 40. Nxf5
Rh8 41. Ke4 Rh7 42. h5 Rh8 43. a3 Rg8 44. Nd4+ Ke7 45. h6 Rg2 46. Kd5 Rxb2 47.
Nf5+ Ke8 48. e6 Rf2 49. Ke5 a5 50. Kf6 b4 51. h7 1-0

[Event "Mercredi 2015.09.02 ABCD"]
[Site "Montreal CAN"]
[Date "2015.09.16"]
[Round "3"]
[White "Boudreau, Daniel"]
[Black "Rodrigue-Lemieux, Shawn"]
[Result "1/2-1/2"]
[WhiteElo "2006"]
[BlackElo "2004"]
[PlyCount "149"]
[EventDate "2015.09.02"]
[EventType "tourn"]
[EventRounds "5"]
[EventCountry "CAN"]

1. e4 c6 2. d4 d5 3. exd5 cxd5 4. c4 Nf6 5. Nc3 e6 6. Nf3 Be7 7. Bd3 O-O 8. O-O
Nc6 9. a3 a6 10. c5 Qc7 11. Re1 Re8 12. Bg5 b6 13. b4 Bb7 14. Qd2 bxc5 15. bxc5
Rad8 16. Rab1 Bc8 17. Bf4 Qa5 18. Qc2 h6 19. Na4 Nd7 20. Bd2 Qc7 21. Nb6 Bf6
22. Nxd7 Rxd7 23. Bc3 Qf4 24. Bd2 Qc7 25. Bc3 Qf4 26. Bd2 Qc7 27. Be3 e5 28.
dxe5 Nxe5 29. Nxe5 Bxe5 30. Bf4 Rde7 31. Rxe5 Rxe5 32. Bxe5 Rxe5 33. c6 Re6 34.
Rc1 g6 35. h3 a5 36. Be2 Rd6 37. Bf3 Ba6 38. Bg4 Bc4 39. Bd7 Kh7 40. Qb2 Ba6
41. Re1 d4 42. Re7 Kg7 43. Re4 Qa7 44. Rf4 a4 45. Be8 f6 46. Qb4 Rd8 47. Bd7
Rf8 48. Rxd4 Rf7 49. Qxa4 Qc5 50. Rd1 Bb5 51. Qb4 Qc2 52. Re1 Bxc6 53. Bxc6
Qxc6 54. a4 Qa6 55. a5 Qb7 56. Qxb7 Rxb7 57. a6 Ra7 58. Re6 Kf7 59. Rb6 Ra8 60.
Kh2 g5 61. Kg3 Kg6 62. Kg4 Rc8 63. Rb4 Rc3 64. f3 Ra3 65. Rb6 h5+ 66. Kg3 h4+
67. Kf2 Ra2+ 68. Ke3 Rxg2 69. a7 Ra2 70. Rb7 Kf5 71. Rf7 Ke6 72. Rb7 Kf5 73.
Rb5+ Ke6 74. Rb6+ Kf5 75. Rb5+ 1/2-1/2

[Event "Mercredi 2015.09.02 ABCD"]
[Site "Montreal CAN"]
[Date "2015.09.23"]
[Round "4"]
[White "Pomerantz, Daniel"]
[Black "Rodrigue-Lemieux, Shawn"]
[Result "1/2-1/2"]
[WhiteElo "1997"]
[BlackElo "2004"]
[PlyCount "63"]
[EventDate "2015.09.02"]
[EventType "tourn"]
[EventRounds "5"]
[EventCountry "CAN"]

1. e4 c6 2. d4 d5 3. Nd2 dxe4 4. Nxe4 Bf5 5. Ng3 Bg6 6. h4 h6 7. Nf3 Nd7 8. h5
Bh7 9. Bd3 Bxd3 10. Qxd3 Ngf6 11. Bd2 e6 12. O-O-O Bd6 13. Ne4 Nxe4 14. Qxe4
Nf6 15. Qe2 Qc7 16. Kb1 O-O-O 17. Ne5 Bxe5 18. dxe5 Nd5 19. c4 Ne7 20. Bc3 c5
21. g4 Nc6 22. f4 Rxd1+ 23. Rxd1 Rd8 24. b3 Qe7 25. Kc2 Rxd1 26. Qxd1 Qh4 27.
Qg1 b6 28. Qg2 Kc7 29. Qd2 Kc8 30. Qg2 Kc7 31. Qd2 Kc8 32. Qg2 1/2-1/2

[Event "Mercredi 2015.09.02 ABCD"]
[Site "Montreal CAN"]
[Date "2015.09.30"]
[Round "5"]
[White "Rodrigue-Lemieux, Shawn"]
[Black "Jacquet, Stephane"]
[Result "1-0"]
[WhiteElo "2004"]
[BlackElo "2034"]
[PlyCount "81"]
[EventDate "2015.09.02"]
[EventType "tourn"]
[EventRounds "5"]
[EventCountry "CAN"]

1. e4 d6 2. d4 Nf6 3. Nc3 g6 4. Nf3 Bg7 5. Bc4 O-O 6. O-O Nxe4 7. Nxe4 d5 8.
Bd3 dxe4 9. Bxe4 c6 10. h3 Be6 11. Qe2 b5 12. Rd1 a6 13. b3 Qd6 14. Bb2 Nd7 15.
c4 bxc4 16. bxc4 Rab8 17. Bc3 Qa3 18. Rac1 Nc5 19. Bb1 Na4 20. Bd2 Rb2 21. Ng5
Bd7 22. Qe1 Bxd4 23. Bc2 e5 24. Nf3 Be6 25. Nxd4 exd4 26. Bh6 Nc5 27. Bxf8 Kxf8
28. Qe5 d3 29. Qd6+ Kg8 30. Bxd3 Rd2 31. Qd8+ Kg7 32. Qd4+ Kg8 33. Rxd2 Qxc1+
34. Bf1 Na4 35. Rd1 Qc2 36. Rd2 Qc1 37. Qf4 Kg7 38. Qe5+ f6 39. Qc7+ Kh6 40.
Qf4+ Kh5 41. g4+ 1-0

[Event "Quebec op 3e RIDEF"]
[Site "Montreal CAN"]
[Date "2015.07.17"]
[Round "1.42"]
[White "Mossong, Hubert"]
[Black "Rodrigue-Lemieux, Shawn"]
[Result "1/2-1/2"]
[WhiteElo "2086"]
[BlackElo "1683"]
[PlyCount "108"]
[EventDate "2015.07.17"]
[EventType "swiss"]
[EventRounds "9"]
[EventCountry "CAN"]

1. e4 c5 2. Nc3 d6 3. g3 Nf6 4. Bg2 g6 5. d3 Bg7 6. Nge2 Nc6 7. O-O O-O 8. h3
Rb8 9. Be3 e5 10. Qd2 Nd4 11. f4 Be6 12. Rf2 Qd7 13. Kh2 Ne8 14. Raf1 f5 15.
Ng1 b5 16. Nd1 fxe4 17. dxe4 Bc4 18. Re1 Nc7 19. c3 Nc6 20. b3 Be6 21. Ref1 Qe7
22. f5 Bc8 23. Bg5 Qf7 24. Qxd6 Bb7 25. fxg6 Qxg6 26. Rxf8+ Bxf8 27. Qxg6+ hxg6
28. Ne3 Ne6 29. Bf6 b4 30. c4 Bg7 31. Nd5 Ncd4 32. Nf3 Nxf3+ 33. Rxf3 Nd4 34.
Rf2 Bxd5 35. Bxg7 Kxg7 36. exd5 Rb6 37. Be4 a5 38. Bc2 Rb8 39. Kg2 Re8 40. Be4
Ra8 41. h4 a4 42. Bc2 axb3 43. Bxb3 Ra3 44. Rb2 Kf6 45. g4 e4 46. Kf2 Ke5 47.
Ke3 Nf3 48. Rf2 Ra8 49. h5 gxh5 50. gxh5 Nd4 51. Rh2 Ra6 52. Rg2 Rh6 53. Bd1
Nf5+ 54. Kd2 Ra6 1/2-1/2

[Event "Quebec op 3e RIDEF"]
[Site "Montreal CAN"]
[Date "2015.07.18"]
[Round "2.41"]
[White "Rodrigue-Lemieux, Shawn"]
[Black "Morin, Louis"]
[Result "1-0"]
[WhiteElo "1683"]
[BlackElo "1897"]
[PlyCount "101"]
[EventDate "2015.07.17"]
[EventType "swiss"]
[EventRounds "9"]
[EventCountry "CAN"]

1. e4 c5 2. Nf3 e6 3. c3 d5 4. e5 Nc6 5. d4 Qb6 6. Be2 cxd4 7. cxd4 Nge7 8. b3
Nf5 9. Bb2 Bb4+ 10. Kf1 h5 11. g3 Bd7 12. a3 Be7 13. b4 O-O-O 14. b5 Na5 15.
Nc3 Nc4 16. Bxc4 dxc4 17. a4 Kb8 18. a5 Qc7 19. d5 exd5 20. b6 axb6 21. Nxd5
Bc6 22. axb6 Qxb6 23. Ra8+ Kxa8 24. Nxb6+ Ka7 25. Nd4 Kxb6 26. Qa1 Bxh1 27.
Nxf5 Bc5 28. Ba3 Bxa3 29. Qxa3 Bd5 30. Nd6 Rhf8 31. Qb4+ Kc7 32. Qa5+ Kb8 33.
Qxd5 Rd7 34. Qxc4 f6 35. e6 Rxd6 36. e7 Rc8 37. Qxc8+ Kxc8 38. e8=Q+ Kc7 39.
Qxh5 Kc6 40. Qf7 Rd7 41. Qe6+ Kc7 42. h4 b5 43. Qa6 Rd5 44. Qa7+ Kc6 45. Qxg7
Rd6 46. Qg4 Kc5 47. Qf5+ Kc4 48. Qf4+ Rd4 49. Qxf6 b4 50. Ke2 b3 51. Qxd4+ 1-0

[Event "Quebec op 3e RIDEF"]
[Site "Montreal CAN"]
[Date "2015.07.18"]
[Round "3.19"]
[White "Yu, Zong Yang"]
[Black "Rodrigue-Lemieux, Shawn"]
[Result "1-0"]
[WhiteElo "2234"]
[BlackElo "1683"]
[PlyCount "59"]
[EventDate "2015.07.17"]
[EventType "swiss"]
[EventRounds "9"]
[EventCountry "CAN"]

1. d4 d5 2. Nf3 e6 3. c4 Nf6 4. Nc3 Bb4 5. e3 O-O 6. Bd3 Ne4 7. O-O f5 8. Qb3
Bxc3 9. bxc3 c6 10. Ne5 Qa5 11. f3 Nd6 12. Ba3 Rd8 13. Bxd6 Rxd6 14. cxd5 cxd5
15. Qb4 Qxb4 16. cxb4 Nd7 17. Rac1 Nxe5 18. dxe5 Rb6 19. b5 a6 20. a4 Bd7 21.
Rc7 axb5 22. a5 Rxa5 23. Rxd7 Ra3 24. Rd6 Raa6 25. Rd8+ Kf7 26. Rd7+ Kg6 27.
Rc1 Rc6 28. Rb1 Rab6 29. Rb4 h5 30. g4 1-0

[Event "Quebec op 3e RIDEF"]
[Site "Montreal CAN"]
[Date "2015.07.19"]
[Round "4.37"]
[White "Rodrigue-Lemieux, Shawn"]
[Black "Sanon, Mondoly"]
[Result "0-1"]
[WhiteElo "1683"]
[BlackElo "2007"]
[PlyCount "86"]
[EventDate "2015.07.17"]
[EventType "swiss"]
[EventRounds "9"]
[EventCountry "CAN"]

1. e4 c5 2. Nf3 d6 3. d4 cxd4 4. Qxd4 Nc6 5. Bb5 Bd7 6. Bxc6 Bxc6 7. Nc3 h6 8.
O-O e5 9. Qe3 Nf6 10. Rd1 Qc7 11. Nh4 g6 12. Qf3 Be7 13. Be3 Nh5 14. Qh3 Qd8
15. Nf5 gxf5 16. Qxh5 f4 17. Bd2 Bg5 18. Qf3 Qf6 19. b4 Rc8 20. Nd5 Bxd5 21.
exd5 Qf5 22. c3 h5 23. h3 Kd8 24. Re1 Qc2 25. Re2 Qg6 26. Rae1 f5 27. Qd3 e4
28. Qd4 Bf6 29. Qxa7 f3 30. g3 fxe2 31. Qb6+ Ke8 32. Qxd6 Qf7 33. Rxe2 Rd8 34.
Qf4 Qxd5 35. f3 Qd3 36. Kf2 Kf7 37. fxe4 fxe4 38. Be3 Qxc3 39. Qxe4 Rhe8 40.
Qh7+ Bg7 41. Qxh5+ Kg8 42. Qb5 Re5 43. Qb6 Rde8 0-1

[Event "Quebec op 3e RIDEF"]
[Site "Montreal CAN"]
[Date "2015.07.21"]
[Round "5.51"]
[White "Rodrigue-Lemieux, Shawn"]
[Black "Gilbert, Erick"]
[Result "1-0"]
[WhiteElo "1683"]
[BlackElo "1889"]
[PlyCount "87"]
[EventDate "2015.07.17"]
[EventType "swiss"]
[EventRounds "9"]
[EventCountry "CAN"]

1. e4 c5 2. Nf3 e6 3. g3 Nc6 4. Bg2 Nf6 5. Nc3 a6 6. O-O d6 7. d3 Be7 8. Ne1 e5
9. f4 Bg4 10. Qd2 exf4 11. gxf4 Qd7 12. Qe3 Nd4 13. h3 Bh5 14. e5 Nf5 15. Qf2
Ng8 16. exd6 Bf6 17. Nf3 Qxd6 18. Ne4 Qc7 19. Nxf6+ gxf6 20. Nh4 Nge7 21. Nxf5
Nxf5 22. Re1+ Kf8 23. Kh2 Rc8 24. Bd2 Rg8 25. Bc3 Nd4 26. Bxd4 cxd4 27. Rac1
Qd7 28. Re4 Rd8 29. Rg1 f5 30. Re5 Qc8 31. Qh4 Bg6 32. Qf6 Re8 33. Qd6+ Kg7 34.
Qxd4 f6 35. Rc5 Qe6 36. Rc7+ Re7 37. Qd5 Qe3 38. Rxe7+ Qxe7 39. Qxb7 Qxb7 40.
Bxb7 Rb8 41. Bxa6 Rxb2 42. Rg2 Rxa2 43. Bc4 Kf8 44. Bxa2 1-0

[Event "Quebec op 3e RIDEF"]
[Site "Montreal CAN"]
[Date "2015.07.22"]
[Round "6.37"]
[White "Steinberg, Ellis"]
[Black "Rodrigue-Lemieux, Shawn"]
[Result "0-1"]
[WhiteElo "1921"]
[BlackElo "1683"]
[PlyCount "64"]
[EventDate "2015.07.17"]
[EventType "swiss"]
[EventRounds "9"]
[EventCountry "CAN"]

1. e4 c6 2. d3 d6 3. Nf3 e5 4. Nbd2 g6 5. g3 Bg7 6. Bg2 Ne7 7. c3 O-O 8. O-O f5
9. exf5 gxf5 10. Nc4 Ng6 11. Ng5 Bh6 12. Nxh7 Kxh7 13. Qh5 f4 14. Be4 Qg5 15.
Qxg5 Bxg5 16. h4 Bh3 17. h5 Bxf1 18. Bxg6+ Kh6 19. gxf4 Bxf4 20. Kxf1 Bxc1 21.
Rxc1 Rf6 22. Ne3 Kg7 23. Ke2 Nd7 24. Rg1 Kh8 25. Ng4 Rf4 26. Nh6 Raf8 27. Rg2
Nc5 28. c4 Ne6 29. Be4 Rh4 30. Kd2 Rxh5 31. Rg6 Nc5 32. Bg2 Kh7 0-1

[Event "Quebec op 3e RIDEF"]
[Site "Montreal CAN"]
[Date "2015.07.23"]
[Round "7.31"]
[White "Rodrigue-Lemieux, Shawn"]
[Black "Ber, Yves"]
[Result "1/2-1/2"]
[WhiteElo "1683"]
[BlackElo "2051"]
[PlyCount "44"]
[EventDate "2015.07.17"]
[EventType "swiss"]
[EventRounds "9"]
[EventCountry "CAN"]

1. e4 e6 2. d4 c5 3. Nf3 cxd4 4. Nxd4 Nc6 5. Be3 Nxd4 6. Bxd4 Nf6 7. Nd2 d6 8.
Bxf6 gxf6 9. Qh5 Bd7 10. Bb5 a6 11. Bxd7+ Qxd7 12. O-O Rc8 13. c4 Rc5 14. Qh3
h5 15. b4 Rc6 16. Rad1 Qc8 17. a4 b5 18. axb5 axb5 19. Qf3 Ke7 20. Ra1 Bh6 21.
cxb5 Rc3 22. Ra7+ Rc7 1/2-1/2

[Event "Quebec op 3e RIDEF"]
[Site "Montreal CAN"]
[Date "2015.07.24"]
[Round "8.30"]
[White "Abreu Cordero, Jose"]
[Black "Rodrigue-Lemieux, Shawn"]
[Result "1/2-1/2"]
[WhiteElo "2023"]
[BlackElo "1683"]
[PlyCount "116"]
[EventDate "2015.07.17"]
[EventType "swiss"]
[EventRounds "9"]
[EventCountry "CAN"]

1. d4 d5 2. c4 e5 3. dxe5 d4 4. Nf3 Nc6 5. a3 Bg4 6. Bf4 Bxf3 7. exf3 Nge7 8.
Bd3 Ng6 9. Bxg6 hxg6 10. Qd3 Qh4 11. Bg3 Qh5 12. f4 a5 13. Nd2 Be7 14. Rc1 O-O
15. O-O Rfe8 16. Rfe1 Rad8 17. f3 g5 18. Rcd1 gxf4 19. Bxf4 Bg5 20. Qf5 f6 21.
exf6 gxf6 22. Ne4 Rf8 23. Bxg5 fxg5 24. Qxg5+ Qxg5 25. Nxg5 Rd7 26. Rd3 Rf5 27.
h4 Ne5 28. Rb3 c6 29. g4 Rxg5 30. hxg5 a4 31. Rxe5 axb3 32. Kf2 d3 33. Ke1 d2+
34. Kd1 Rd3 35. Rf5 Rc3 36. Kxd2 Rxc4 37. Ra5 Rc2+ 38. Kd3 Rxb2 39. Ra8+ Kg7
40. Ra7 Kg6 41. Rxb7 Kxg5 42. Rb4 Rb1 43. a4 b2 44. Kc2 Rf1 45. Kxb2 Rf2+ 46.
Kc3 Rxf3+ 47. Kc4 Kxg4 48. Kc5+ Kf5 49. Kxc6 Rc3+ 50. Kb6 Ke6 51. a5 Kd7 52.
Rd4+ Kc8 53. a6 Rb3+ 54. Ka7 Rc3 55. Rg4 Rc1 56. Rg5 Rc2 57. Rb5 Rc1 58. Kb6
Kb8 1/2-1/2

[Event "Quebec op 3e RIDEF"]
[Site "Montreal CAN"]
[Date "2015.07.26"]
[Round "9.27"]
[White "Rodrigue-Lemieux, Shawn"]
[Black "Lepine, Cedric"]
[Result "0-1"]
[WhiteElo "1683"]
[BlackElo "2013"]
[PlyCount "74"]
[EventDate "2015.07.17"]
[EventType "swiss"]
[EventRounds "9"]
[EventCountry "CAN"]

1. e4 d6 2. d4 g6 3. Nc3 Bg7 4. Nf3 Nf6 5. Bc4 O-O 6. O-O Bg4 7. h3 Bxf3 8.
Qxf3 Nc6 9. Be3 e5 10. d5 Ne7 11. Rfe1 Ne8 12. Qd1 f5 13. f3 f4 14. Bf2 Qd7 15.
Kf1 Nf6 16. Qd3 g5 17. Rad1 h5 18. Ke2 Ng6 19. Kd2 g4 20. hxg4 hxg4 21. Rh1 g3
22. Be1 Kf7 23. Kc1 Rh8 24. Bd2 Nh4 25. Qe2 Rh5 26. Rhg1 Rah8 27. Qf1 a6 28. a4
Ng6 29. b3 Rh2 30. Kb1 Nh4 31. Bc1 Nh7 32. Ba3 Ng5 33. Be2 Nxg2 34. Rxg2 Rxg2
35. Qxg2 Rh2 36. Qf1 Nh3 37. Bxa6 g2 0-1

[Event "CYCC U12"]
[Site "Windsor CAN"]
[Date "2015.07.06"]
[Round "1.56"]
[White "Clark, Carlin"]
[Black "Rodrigue-Lemieux, Shawn"]
[Result "0-1"]
[WhiteElo "1050"]
[BlackElo "1991"]
[PlyCount "42"]
[EventDate "2015.07.06"]
[EventType "swiss"]
[EventRounds "7"]
[EventCountry "CAN"]

1. e3 d5 2. Qf3 Nf6 3. Bd3 e5 4. e4 d4 5. Bc4 Bc5 6. g4 Bxg4 7. Qg3 Nbd7 8. f3
Be6 9. Qxg7 Rg8 10. Qh6 Bxc4 11. b3 Be6 12. Nh3 Rg6 13. Qh4 Nxe4 14. Qxe4 Bxh3
15. Qxb7 Qh4+ 16. Ke2 Rg2+ 17. Kd3 Bf5+ 18. Kc4 d3+ 19. Kd5 Qd4+ 20. Kc6 Rg6+
21. Kxc7 Qd6# 0-1

[Event "CYCC U12"]
[Site "Windsor CAN"]
[Date "2015.07.07"]
[Round "2.55"]
[White "Rodrigue-Lemieux, Shawn"]
[Black "Mirabelli, Aidan"]
[Result "1-0"]
[WhiteElo "1991"]
[BlackElo "1427"]
[PlyCount "85"]
[EventDate "2015.07.06"]
[EventType "swiss"]
[EventRounds "7"]
[EventCountry "CAN"]

1. e4 c5 2. Nf3 d6 3. d4 cxd4 4. Qxd4 Nc6 5. Bb5 Bd7 6. Bxc6 Bxc6 7. Nc3 e6 8.
O-O Nf6 9. Bg5 Be7 10. Rad1 O-O 11. Rfe1 Ne8 12. Bxe7 Qxe7 13. b4 a6 14. Qb6
Qd8 15. Qxd8 Rxd8 16. Nd4 Nc7 17. a4 e5 18. Nf5 d5 19. exd5 Bd7 20. d6 Bxf5 21.
dxc7 Rc8 22. Nd5 Rce8 23. Rd2 Be6 24. Rxe5 Bxd5 25. Rdxd5 Rc8 26. Re7 g6 27.
Rdd7 Kg7 28. g3 h6 29. c4 h5 30. c5 g5 31. b5 axb5 32. axb5 Ra8 33. b6 Ra1+ 34.
Kg2 Rc1 35. Rxf7+ Rxf7 36. Rxf7+ Kxf7 37. c8=Q Kg6 38. c6 Rxc6 39. Qxb7 Rf6 40.
Qe4+ Kg7 41. b7 Rb6 42. Qd4+ Rf6 43. b8=Q 1-0

[Event "CYCC U12"]
[Site "Windsor CAN"]
[Date "2015.07.07"]
[Round "3.55"]
[White "Guo, Thomas"]
[Black "Rodrigue-Lemieux, Shawn"]
[Result "1/2-1/2"]
[WhiteElo "1722"]
[BlackElo "1991"]
[PlyCount "58"]
[EventDate "2015.07.06"]
[EventType "swiss"]
[EventRounds "7"]
[EventCountry "CAN"]

1. e4 c5 2. Nf3 d6 3. c3 Nf6 4. h3 g6 5. Bd3 Bg7 6. Bc2 O-O 7. d4 Nbd7 8. Be3
b6 9. O-O Bb7 10. d5 Rc8 11. Na3 a6 12. Rb1 b5 13. Qd2 Nb6 14. Rbc1 Nfd7 15.
Bb1 Rb8 16. Bh6 a5 17. Bxg7 Kxg7 18. b3 b4 19. Nc2 f6 20. c4 h6 21. Ne3 Bc8 22.
Nh2 Ne5 23. f4 Nf7 24. g4 Rh8 25. f5 g5 26. Nf3 Ne5 27. Nxe5 dxe5 28. Qf2 Qd6
29. Rfd1 Bd7 1/2-1/2

[Event "CYCC U12"]
[Site "Windsor CAN"]
[Date "2015.07.08"]
[Round "4.54"]
[White "Rodrigue-Lemieux, Shawn"]
[Black "Surya, Benito"]
[Result "1-0"]
[WhiteElo "1991"]
[BlackElo "1938"]
[PlyCount "91"]
[EventDate "2015.07.06"]
[EventType "swiss"]
[EventRounds "7"]
[EventCountry "CAN"]

1. e4 Nf6 2. e5 Nd5 3. c4 Nb6 4. d4 d6 5. exd6 exd6 6. Nf3 Be7 7. Be2 Bg4 8.
O-O Bf6 9. h3 Bh5 10. b3 O-O 11. Bb2 Nc6 12. Nbd2 Bg6 13. a3 a5 14. Bc3 d5 15.
c5 Nc8 16. b4 axb4 17. axb4 Rxa1 18. Qxa1 N6e7 19. g4 h6 20. Re1 c6 21. Bf1 Qd7
22. Ne5 Bxe5 23. dxe5 Rd8 24. e6 fxe6 25. Bxg7 Kh7 26. Qd4 Rg8 27. Bf6 h5 28.
Bg2 Na7 29. Nf3 Rf8 30. Rxe6 Nb5 31. Qe5 Nc8 32. Ng5+ Kg8 33. Be7 Nxe7 34. Rxe7
Qxe7 35. Qxe7 hxg4 36. hxg4 Nd4 37. Qxb7 Ne2+ 38. Kh1 Rxf2 39. Qxc6 Bc2 40.
Qxd5+ Kg7 41. Qe5+ Kg6 42. Be4+ Bxe4+ 43. Qxe4+ Kxg5 44. Qe3+ Rf4 45. Qxe2 Rxb4
46. Qd2+ 1-0

[Event "CYCC U12"]
[Site "Windsor CAN"]
[Date "2015.07.08"]
[Round "5.53"]
[White "Hua, Eugene"]
[Black "Rodrigue-Lemieux, Shawn"]
[Result "1/2-1/2"]
[WhiteElo "2165"]
[BlackElo "1991"]
[PlyCount "97"]
[EventDate "2015.07.06"]
[EventType "swiss"]
[EventRounds "7"]
[EventCountry "CAN"]

1. c4 e5 2. g3 Nf6 3. Bg2 Nc6 4. Nc3 Bc5 5. e3 O-O 6. Nge2 d6 7. O-O a5 8. d4
Ba7 9. dxe5 Nxe5 10. b3 Bd7 11. Bxb7 Bh3 12. Bg2 Bxg2 13. Kxg2 Qd7 14. Nd4 d5
15. Ba3 Rfd8 16. c5 c6 17. h3 Ne4 18. Qc2 Nxc5 19. Bxc5 Bxc5 20. Na4 Ba7 21.
Qc3 Rdc8 22. Nc5 Qd6 23. Nf5 Qf6 24. Nd4 h6 25. f4 Nc4 26. e4 Bxc5 27. e5 Bb4
28. Qf3 Nxe5 29. fxe5 Qxf3+ 30. Rxf3 Bc5 31. Nf5 Bf8 32. Raf1 Ra7 33. Rd1 g6
34. Ne3 a4 35. Rd2 axb3 36. axb3 Re7 37. Ng4 Bg7 38. Nf6+ Bxf6 39. exf6 Re6 40.
Kf2 Ra8 41. Re2 Rxe2+ 42. Kxe2 c5 43. Kd3 c4+ 44. Kd4 cxb3 45. Rxb3 Ra6 46. Rf3
Re6 47. Kxd5 g5 48. h4 Kh7 49. h5 1/2-1/2